|
|
|
|
| LEADER |
00000nab a2200000 ar4500 |
| 001 |
vtls009007324 |
| 003 |
SK-MaSNL |
| 005 |
20260304173308.0 |
| 008 |
070718c1976 xo wr|||||||||000 b|slo |
| 015 |
|
|
|a SNBRB2007/06
|2 snkbucl
|
| 038 |
|
|
|a SNKBUCL
|
| 040 |
|
|
|a SNKBUCL
|b slo
|c SNKBUCL
|e AACR2
|
| 041 |
0 |
|
|a slo
|
| 044 |
|
|
|a xo
|c SK
|
| 080 |
|
|
|a 796.922.093.2
|x (437.6)
|2 2001
|
| 100 |
1 |
|
|a Kusendová, Mária
|4 aut
|9 272438
|
| 245 |
1 |
0 |
|a Veľká cena zostala v Tatrách
|b (XXI. ročník VCS. Medzinár. súťaže žien v zjazdovom lyžovaní)
|c Mária Kusendová
|
| 300 |
|
|
|b Obr.
|
| 611 |
2 |
7 |
|a Veľká cena Slovenska v lyžovaní
|n (21. :
|d 1976 :
|c Vysoké Tatry, Slovensko)
|2 snkbucl
|9 1503605
|
| 650 |
0 |
7 |
|a lyžovanie
|2 snkbucl
|9 3256
|
| 650 |
0 |
7 |
|a zjazdové lyžovanie
|2 snkbucl
|9 3258
|
| 773 |
0 |
|
|t Vysoké Tatry
|g Roč. 15, č. 2 (1976), s. 9
|
| 852 |
|
|
|a SNK
|b KIS3GCP
|
| 999 |
|
|
|c 3002521
|d 3004451
|